Coniugazione dei verbi del primo gruppo - Cantare - Statistics

Statistiche generali
  • Questo quiz è stato fatto 10 volte
    3 dall'ultimo reset
  • Il punteggio medio è 44 su 47
Statistiche sulle risposte
Tempo Coniugazione % Corretto
Lui o Lei Canta
100%
(tu) Canta
100%
Io Cantai
100%
Noi Cantammo
100%
Presente Cantando
100%
Loro Cantano
100%
Loro Cantarono
100%
Voi Cantaste
100%
Tu Cantasti
100%
Voi Cantate
100%
(voi) Cantate
100%
Lui o Lei Cantava
100%
Noi Cantavamo
100%
Loro Cantavano
100%
Voi Cantavate
100%
Tu Cantavi
100%
Io Cantavo
100%
Lui o Lei Canterà
100%
Tu Canterai
100%
Loro Canteranno
100%
Lui o Lei Canterebbe
100%
Loro Canterebbero
100%
Io Canterei
100%
Noi Canteremmo
100%
Noi Canteremo
100%
Voi Cantereste
100%
Tu Canteresti
100%
Voi Canterete
100%
Io Canterò
100%
Tu Canti
100%
che io o tu o lui o lei. Canti
100%
(lui o lei) Canti
100%
Noi Cantiamo
100%
che noi Cantiamo
100%
(noi) Cantiamo
100%
che voi Cantiate
100%
che loro Cantino
100%
Io Canto
100%
Lui o Lei Cantò
100%
che lui o lei Cantasse
67%
che loro Cantassero
67%
che io o tu Cantassi
67%
che noi Cantassimo
67%
che voi Cantaste
67%
(loro) Cantino
67%
Presente Cantante
33%
Passato Cantato
33%
Nessun quiz corrispondente trovato
Distribuzione punteggi
Percentuale di utenti per punteggio
Percentile per numero di risposta
I tuoi punteggi nel tempo
Non hai fatto questo quiz dall'ultimo reset